000 00787cab a2200277 4500
001 ABS55906
008 090401t1996 xxu||||| |||| 00| 0 eng d
035 _a(Sirsi) u19671
041 _aeng
245 _aRailtrack: rail`s new era
260 _c1996
300 _aLOAN
350 _a0
490 _aNew Civil Engineer
_vSupplement September 1996, (66)
520 _aSupplement on Railtrack. Articles on various Railtrack projects, the safety of contractors, environmental policy and the Heathrow Express.
650 _aEUROSTAR
650 _aHEATHROW EXPRESS
650 _aRAIL FREIGHT
650 _aRAILTRACK
650 _aRAILWAYS
650 _aROYAL MAIL
650 _aTHAMESLINK
690 _aTRANSPORT AND COMMUNICATIONS
942 _n0
948 _c04/03/1997
999 _c13160
_d13160